Bibliografía descriptiva de la poesía tradicional y popular de México /

Guardado en:
Detalles Bibliográficos
Autor principal: González, Aurelio (coord.)
Formato: Libro
Idioma:Español
Publicado: México : El Colegio de México, 1994, c1993
Temas:
Etiquetas: Agrega una etiqueta
Sin etiquetas, Sé el primero en etiquetar este registro!

MARC

LEADER 00000nam^a2200000^a^4500
001 000055006
005 20250521000000.0
009 20260310090529.346
020 |a 968-12-0554-5 
037 |a Acervo ITESO - Biblioteca 
041 |a ESP 
082 |a 861. 16  |b GON 
100 |a González, Aurelio  |e (coord.) 
245 1 0 |a Bibliografía descriptiva de la poesía tradicional y popular de México /  |c Coord. por A. González. 
264 4 |a México :  |b El Colegio de México,  |c 1994, c1993 
300 |a XVI, 577 p. 
336 |a texto  |b txt  |2 rdacontenido 
337 |a sin mediación  |b n  |2 rdamedio 
338 |a volumen  |b nc  |2 rdasoporte 
649 |a XX 
650 |a Poesía Mexicana -  |x Bibliografías 
650 |a Literatura Folklórica -  |z México 
650 |a Literatura Mexicana 
910 |a Fondo General 
920 |a Impresos - Libros 
930 |a Obras de Referencia 
940 |a Literatura 
905 |a 102 
901 |a 0500013781  |b IT2  |c REF  |u 20250521 
902 |a https://opac.biblio.iteso.mx/vufind/Record/000055006